<?xml version="1.0" encoding="UTF-8"?>
<record
    xmlns:xsi="http://www.w3.org/2001/XMLSchema-instance"
    xsi:schemaLocation="http://www.loc.gov/MARC21/slim http://www.loc.gov/standards/marcxml/schema/MARC21slim.xsd"
    xmlns="http://www.loc.gov/MARC21/slim">

  <leader>01146nam a2200337 a 4500</leader>
  <datafield tag="999" ind1=" " ind2=" ">
    <subfield code="c">7496</subfield>
    <subfield code="d">7496</subfield>
  </datafield>
  <controlfield tag="003">OSt</controlfield>
  <controlfield tag="005">20211203123042.0</controlfield>
  <controlfield tag="008">060602s2005    spc||||||     001 ||spa  </controlfield>
  <datafield tag="015" ind1=" " ind2=" ">
    <subfield code="a">LL2006</subfield>
    <subfield code="2">bnc</subfield>
  </datafield>
  <datafield tag="017" ind1=" " ind2=" ">
    <subfield code="a">DL B. 10376-2021</subfield>
    <subfield code="b">Biblioteca de Catalunya</subfield>
  </datafield>
  <datafield tag="020" ind1=" " ind2=" ">
    <subfield code="a">9788433926241</subfield>
  </datafield>
  <datafield tag="040" ind1=" " ind2=" ">
    <subfield code="a">CDMR</subfield>
    <subfield code="c">0</subfield>
    <subfield code="b">cat</subfield>
  </datafield>
  <datafield tag="100" ind1="1" ind2=" ">
    <subfield code="a">Anderson, Jon Lee</subfield>
    <subfield code="9">2868</subfield>
  </datafield>
  <datafield tag="245" ind1="1" ind2="3">
    <subfield code="a">La Ca&#xED;da de Bagdad /</subfield>
    <subfield code="c">Jon Lee Anderson ; pr&#xF3;logo de Carol Pires ; traducci&#xF3;n de Jaime Zulaika</subfield>
  </datafield>
  <datafield tag="250" ind1=" " ind2=" ">
    <subfield code="a">2a</subfield>
    <subfield code="b">edici&#xF3;</subfield>
  </datafield>
  <datafield tag="260" ind1=" " ind2=" ">
    <subfield code="a">Barcelona :</subfield>
    <subfield code="b">Anagrama,</subfield>
    <subfield code="c">2021</subfield>
  </datafield>
  <datafield tag="300" ind1=" " ind2=" ">
    <subfield code="a">553 p&#xE0;gines ;</subfield>
    <subfield code="c">22 cm</subfield>
  </datafield>
  <datafield tag="490" ind1="1" ind2=" ">
    <subfield code="a">Cr&#xF3;nicas Anagrama ;</subfield>
    <subfield code="v">69</subfield>
  </datafield>
  <datafield tag="504" ind1=" " ind2=" ">
    <subfield code="a">&#xCD;ndex</subfield>
  </datafield>
  <datafield tag="546" ind1=" " ind2=" ">
    <subfield code="a">Traducci&#xF3; de: The Fall of Baghdad</subfield>
  </datafield>
  <datafield tag="600" ind1="1" ind2="7">
    <subfield code="a">Hussein, Saddam,</subfield>
    <subfield code="2">lemac</subfield>
  </datafield>
  <datafield tag="650" ind1=" " ind2="0">
    <subfield code="a">Guerra d'Iraq, 2003-2011</subfield>
    <subfield code="2">lemac</subfield>
    <subfield code="9">3582</subfield>
    <subfield code="x">Relats personals</subfield>
  </datafield>
  <datafield tag="651" ind1=" " ind2="7">
    <subfield code="a">Iraq</subfield>
    <subfield code="x">Pol&#xED;tica i govern</subfield>
    <subfield code="y">1991-2003</subfield>
    <subfield code="2">lemac</subfield>
  </datafield>
  <datafield tag="700" ind1=" " ind2=" ">
    <subfield code="a">Pires, Carol</subfield>
    <subfield code="9">4756</subfield>
  </datafield>
  <datafield tag="830" ind1=" " ind2="0">
    <subfield code="a">Cr&#xF3;nicas Anagrama ;</subfield>
    <subfield code="v">69</subfield>
  </datafield>
  <datafield tag="907" ind1=" " ind2=" ">
    <subfield code="a">.b3382843x</subfield>
    <subfield code="b">15-02-21</subfield>
    <subfield code="c">09-05-08</subfield>
    <subfield code="d">07-05-08</subfield>
    <subfield code="e">m</subfield>
    <subfield code="f">a</subfield>
    <subfield code="g">-</subfield>
    <subfield code="h">spa</subfield>
    <subfield code="i">sp</subfield>
    <subfield code="j">3</subfield>
    <subfield code="k">4</subfield>
  </datafield>
  <datafield tag="908" ind1=" " ind2=" ">
    <subfield code="a">BAB</subfield>
    <subfield code="a">BC</subfield>
    <subfield code="a">UAB</subfield>
    <subfield code="a">UdG</subfield>
    <subfield code="a">CCCB</subfield>
  </datafield>
  <datafield tag="940" ind1=" " ind2=" ">
    <subfield code="a">BC</subfield>
  </datafield>
  <datafield tag="942" ind1=" " ind2=" ">
    <subfield code="2">udc</subfield>
    <subfield code="c">MON</subfield>
  </datafield>
  <datafield tag="949" ind1=" " ind2=" ">
    <subfield code="a">1002002733</subfield>
    <subfield code="b">INT 0138</subfield>
    <subfield code="c">1</subfield>
    <subfield code="d">7</subfield>
    <subfield code="f">09.09.09</subfield>
    <subfield code="k">CCCB</subfield>
  </datafield>
  <datafield tag="952" ind1=" " ind2=" ">
    <subfield code="0">0</subfield>
    <subfield code="1">0</subfield>
    <subfield code="4">0</subfield>
    <subfield code="7">0</subfield>
    <subfield code="a">CDMR</subfield>
    <subfield code="b">CDMR</subfield>
    <subfield code="d">2021-12-03</subfield>
    <subfield code="e">Donaci&#xF3;</subfield>
    <subfield code="g">22.90</subfield>
    <subfield code="l">0</subfield>
    <subfield code="o">Dj /126</subfield>
    <subfield code="p">CDMR21120030</subfield>
    <subfield code="r">2021-12-03</subfield>
    <subfield code="w">2021-12-03</subfield>
    <subfield code="y">MON</subfield>
  </datafield>
</record>
